000
00325 a2200133 4500
001
64094
040
_c
Anchieta - Pituba
100
_a
Moreira, Rafael
240
1
0
_a
Diário de um adolescente apaixonado
_l
por
245
1
0
_a
Diário de um adolescente apaixonado
300
_a
124
650
4
_a
Ficção brasileira
942
_c
BK
999
_c
64094
_d
64094